| 000 | 00905cam a2200265 a 4500 | ||
|---|---|---|---|
| 001 | 1547969 | ||
| 003 | ARRUPE | ||
| 005 | 20150327020005.0 | ||
| 008 | 910312s1990 fr ab b 000 0 fre | ||
| 010 | _a 91128364 | ||
| 020 | _a2865372731 | ||
| 040 |
_aDLC _cDLC |
||
| 043 | _af-cd--- | ||
| 050 | 0 | 0 |
_aLA1786 _b.M33 1990 |
| 082 | 0 | 0 |
_a370/.96743 _220 |
| 100 | 1 |
_aMbaïosso, Adoum, _d1948- _914923 |
|
| 245 | 1 | 2 |
_aL'éducation au Tchad : _bbilan, problèmes et perspectives / _cAdoum Mbaïosso ; préface de Marcel Postic. |
| 260 |
_aParis : _bKarthala, _cc1990. |
||
| 300 |
_a271 p. : _bill., 1 map ; _c22 cm. |
||
| 504 | _aIncludes bibliographical references. | ||
| 650 | 0 |
_aEducation _zChad. _914924 |
|
| 906 |
_a7 _bcbc _corignew _d3 _encip _f19 _gy-gencatlg |
||
| 942 |
_2lcc _cMONOGRAPH _04 |
||
| 999 |
_c121982 _d121982 |
||